राहुल कथा साहित्य / (Record no. 121969)
[ view plain ]
| 000 -LEADER | |
|---|---|
| fixed length control field | 01468nam a22002897a 4500 |
| 003 - CONTROL NUMBER IDENTIFIER | |
| control field | dpl |
| 005 - DATE AND TIME OF LATEST TRANSACTION | |
| control field | 20190220114527.0 |
| 008 - FIXED-LENGTH DATA ELEMENTS--GENERAL INFORMATION | |
| fixed length control field | 190220b ||||| |||| 00| 0 eng d |
| 010 ## - LIBRARY OF CONGRESS CONTROL NUMBER | |
| LC control number | B-063905 |
| 020 ## - INTERNATIONAL STANDARD BOOK NUMBER | |
| Terms of availability | 100.00 |
| 035 ## - SYSTEM CONTROL NUMBER | |
| System control number | B-063905. B-063903 |
| 037 ## - SOURCE OF ACQUISITION | |
| Source of stock number/acquisition | Cen Lib/Ret |
| 040 ## - CATALOGING SOURCE | |
| Original cataloging agency | DPL |
| Language of cataloging | HN |
| Transcribing agency | 0 |
| 082 ## - DEWEY DECIMAL CLASSIFICATION NUMBER | |
| Classification number | 823.08 |
| Item number | सांकृत्य |
| 245 ## - TITLE STATEMENT | |
| Title | राहुल कथा साहित्य / |
| Statement of responsibility, etc | संपादक गोविन्द चन्द्र पाण्डे, उदय शंकर तिवारी [और] कृपा शंकर पाण्डे |
| 246 ## - VARYING FORM OF TITLE | |
| Title proper/short title | Rahul katha sahitya |
| Remainder of title | by Govind Chandr Panday, Uday Sankar Tiwari [and] Kripa Sankar Panday |
| 260 ## - PUBLICATION, DISTRIBUTION, ETC. (IMPRINT) | |
| Place of publication, distribution, etc | इलाहाबाद |
| Name of publisher, distributor, etc | इलाहाबाद संग्रहालय |
| Date of publication, distribution, etc | 1994 |
| 270 ## - ADDRESS | |
| Address | निर्देशक, इलाहाबाद संग्रहालय, इलाहाबाद चन्द्रशेखर आजाद पार्क, |
| City | इलाहाबाद |
| Postal code | 299002 |
| 300 ## - PHYSICAL DESCRIPTION | |
| Extent | 134पृ. |
| Dimensions | 20सजिल्द |
| 650 ## - SUBJECT ADDED ENTRY--TOPICAL TERM | |
| Topical term or geographic name as entry element | हिंदी साहित्य |
| 9 (RLIN) | 117535 |
| 650 ## - SUBJECT ADDED ENTRY--TOPICAL TERM | |
| Topical term or geographic name as entry element | कथा साहित्य |
| 9 (RLIN) | 4735 |
| 650 ## - SUBJECT ADDED ENTRY--TOPICAL TERM | |
| Topical term or geographic name as entry element | Hindi litericher |
| 9 (RLIN) | 117536 |
| 650 ## - SUBJECT ADDED ENTRY--TOPICAL TERM | |
| Topical term or geographic name as entry element | hindi- novel |
| 9 (RLIN) | 117537 |
| 700 ## - ADDED ENTRY--PERSONAL NAME | |
| Personal name | तिवारी, उदय शंकर |
| 9 (RLIN) | 46829 |
| 700 ## - ADDED ENTRY--PERSONAL NAME | |
| Personal name | पाण्डे, कृपा शंकर |
| 9 (RLIN) | 117538 |
| 942 ## - ADDED ENTRY ELEMENTS (KOHA) | |
| Source of classification or shelving scheme | Dewey Decimal Classification |
| Koha item type | Hindi Books |
| Classification part | 823.08 |
| Call number suffix | सांकृत्य |
| Withdrawn status | Lost status | Damaged status | Not for loan | Home library | Current library | Date acquired | Source of acquisition | Cost, normal purchase price | Total Checkouts | Full call number | Barcode | Date last seen | Copy number | Cost, replacement price | Price effective from | Koha item type | Source of classification or shelving scheme | Collection code |
|---|---|---|---|---|---|---|---|---|---|---|---|---|---|---|---|---|---|---|
| Central Library | Central Library | 04/01/2016 | Cen Lib/Ret | 100.00 | 823.08 सांकृत्य | B-063905 | 04/01/2016 | 1 | 100.00 | 04/01/2016 | Hindi Books | |||||||
| Shahdara Branch | Shahdara Branch | 20/02/2019 | BPPD/PUB | 100.00 | 823.08 सांकृत्य | B-063903 | 20/02/2019 | 100.00 | 20/02/2019 | Hindi Books | Dewey Decimal Classification | Non-fiction |
